000 00751cab a2200241 4500
001 WB3504-04
008 090401t1999 xxu||||| |||| 00| 0 eng d
035 _a(Sirsi) u90971
041 _aeng
245 _aNew build, same old problems
260 _c1999
350 _a0
490 _aHerald - Scotland`s Homes
_v27 January 1999, 2(1)
520 _aOutlines problems facing builders, as people are buying fewer houses. Highlights marketing measures taken and incentives offered to encourage the public to buy more.
650 _aBUILDERS
650 _aDESIGN
650 _aHOUSE BUYERS
650 _aMARKET RESEARCH
650 _aNEW-BUILD HOUSES
690 _aBUILDING AND CONSTRUCTION-ECONOMICS
942 _n0
948 _c28/01/1999
999 _c57716
_d57716